Analýza problémov účtovania a zdaňovania manka a škody dlhodobého hmotného majetku slovenských podnikateľov

V podvojnom účtovníctve podnikateľa pri vyradení dlhodobého hmotného majetku v dôsledku manka alebo škody sa musí účtovná zostatková cena po dôslednej analýze zaúčtovať na príslušný účet. Typ zodpovednosti za manko a škodu ovplyvní výsledok hospodárenia a podľa zákona o dani z príjmov aj základ dane...

ver descrição completa

Na minha lista:
Detalhes bibliográficos
Autor principal: Kastlerová, Sylvia
Outros Autores: Vépyová, Mária
Formato: Capítulo de Livro
Idioma:eslovaco
Assuntos:
Tags: Adicionar Tag
Sem tags, seja o primeiro a adicionar uma tag!

MARC

LEADER 00000naa$a2200000$$$4500
001 0100934
005 20240502072114.0
041 0 |a slo 
044 |a SK 
245 1 0 |a Analýza problémov účtovania a zdaňovania manka a škody dlhodobého hmotného majetku slovenských podnikateľov  |c Sylvia Kastlerová, Mária Vépyová 
520 |a V podvojnom účtovníctve podnikateľa pri vyradení dlhodobého hmotného majetku v dôsledku manka alebo škody sa musí účtovná zostatková cena po dôslednej analýze zaúčtovať na príslušný účet. Typ zodpovednosti za manko a škodu ovplyvní výsledok hospodárenia a podľa zákona o dani z príjmov aj základ dane z príjmov. 
610 2 0 |a majetok hmotný 
610 2 0 |a majetok dlhodobý 
610 2 0 |a manká 
610 2 0 |a škody 
610 2 0 |a zodpovednosť hmotná 
610 2 0 |a ceny zostatkové 
610 2 0 |a základ dane 
610 2 0 |a podnikatelia 
610 2 0 |a Slovensko 
100 1 |a Kastlerová, Sylvia 
700 1 |a Vépyová, Mária